000 01133cam a2200265 4500
001 B2560
008 090401t1988 xxu||||| |||| 00| 0 eng d
035 _a(Sirsi) u50839
041 _aeng
050 _a332.6324
090 _aRICS 1988/63AB
110 _aRoyal Institution of Chartered Surveyors
_bScotland
_93082
245 _aCommercial property investment : life after the Financial Services Act: (a seminar held at the) Caledonian Hotel, Edinburgh ... 17th February 1988
260 _aEdinburgh
_bRoyal Institution of Chartered Surveyors
_c1988
300 _a9 items in folder ; 23x35cm.
350 _a0
520 _aPapers by:- Herries,Michael ; Hewitt,Michael E. ; McLean,Colin W. ; Westcott,Richard Shaw,Jack . Papers:- The state of the property market and its finances. - The institutional view. - Property financing and unitisation . - Support from the Scottish financial community.
650 _aFINANCIAL SERVICES ACT 1986
650 _aINSTITUTIONAL INVESTMENT
650 _aPROPERTY FINANCE
650 _aSCOTLAND
710 _aScottish Financial Enterprise
_93085
942 _n0
948 _c04/03/1997
999 _c92759
_d92759